000 00337 a2200157 4500
001 190518
020 _a978-0-521-79846-4
040 _cMagnum
100 _aLeather, Sue
240 1 0 _aThe big picture
_lING
245 1 0 _aThe big picture
300 _a32
362 0 _a2001
697 _aLITERATURA JUVENIL ESTRANGEIRA
942 _cBK
999 _c190518
_d190518